Tavasszal megkezdik a tanítói internátus felépítését A kultuszminiszter 350 ezer pengőt azonnal folyósít a munkálatokhoz
Elmentve itt :
| Dokumentumtípus: | Cikk |
|---|---|
| Megjelent: |
1935-01-25
|
| Sorozat: | Délmagyarország
11 No. 21 |
| Online Access: | http://dmarchiv.bibl.u-szeged.hu/48733 |
| LEADER | 00473nab a2200133 i 4500 | ||
|---|---|---|---|
| 001 | delm48733 | ||
| 005 | 20180927134857.0 | ||
| 008 | 180927s1935 hu o 0|| hun d | ||
| 040 | |a SZTE Délmagyarország Archívum |b hun | ||
| 041 | |a hun | ||
| 245 | 0 | 0 | |a Tavasszal megkezdik a tanítói internátus felépítését |h [elektronikus dokumentum] : |b A kultuszminiszter 350 ezer pengőt azonnal folyósít a munkálatokhoz |
| 260 | |c 1935-01-25 | ||
| 300 | |a 3 | ||
| 490 | 0 | |a Délmagyarország |v 11 No. 21 | |